A genetikánkon is múlik, mennyire visel meg minket a koronavírus kódolt reakció

Elmentve itt :
Bibliográfiai részletek
Dokumentumtípus: Cikk
Megjelent: 2022-05-12
Sorozat:Delmagyar.hu
Kulcsszavak:Széll Márta - tanszékvezető egyetemi tanár, Orvosi Genetikai Intézet, Szent-Györgyi Albert Orvostudományi Kar - SZAOK, Projekt - kutatás - koronavírus - genetikai háttér, Járvány - koronavírus, Együttműködés - Pécsi Tudományegyetem, Innovációs és Technológiai Minisztérium - ITM
Online Access:http://univ.bibl.u-szeged.hu/62233
LEADER 00946nab a2200157 i 4500
001 univ62233
005 20220513110958.0
008 220513s2022 hu o 0|| hun d
040 |a SZTE UnivHistória Repozitórium  |b hun 
041 |a hun 
245 0 2 |a A genetikánkon is múlik, mennyire visel meg minket a koronavírus   |h [elektronikus dokumentum] :  |b kódolt reakció 
260 |c 2022-05-12 
490 0 |a Delmagyar.hu 
561 |a Egyetemi hirarchívum 
695 |a Széll Márta - tanszékvezető egyetemi tanár, Orvosi Genetikai Intézet, Szent-Györgyi Albert Orvostudományi Kar - SZAOK, Projekt - kutatás - koronavírus - genetikai háttér, Járvány - koronavírus, Együttműködés - Pécsi Tudományegyetem, Innovációs és Technológiai Minisztérium - ITM 
856 4 0 |u http://univ.bibl.u-szeged.hu/62233/1/DELMAGYAR%20-%20A%20genetik%C3%A1nkon%20is%20m%C3%BAlik%2C%20mennyire%20visel%20meg%20minket%20a%20koronav%C3%ADrus.pdf  |z Dokumentum-elérés